00688 2200241 4500001002100000005001500021020002200036035002400058040001200082082001900094084001900113090001900132100002800151245007300179260004300252300004400295504002500339650002200364850001200386990001600398990001600414990001600430YOGYA00000000010060320140823125836 a978-979-22-7147-8 0010-111300000000724 aYOPDYOG 2[22]a915.9823 a915.9823 Ana T a915.9823 Ana T aANASTHASIA R.Y. SADRACH a33 pantai tersembunyi di Yogyakartac/ oleh Anasthasia R.Y. Sadrach. aJakartabGramedia Pustaka Utamac2012. axiv, 96 hlm.b: ilus.c; 21 cm (3 eks.) aBibliografi : hlm.94 aYogyakarta-Wisata aYOPDYOG a4458/B.2013 a4459/B.2013 a4460/B.2013